Green Day- Panic Song Lyrics - Statistics

General Stats
  • This quiz has been taken 8 times
  • The average score is 84 of 115
Answer Stats
Answer % Correct
a
100%
I
100%
is
100%
no
100%
of
100%
panic
100%
the
100%
world
100%
care
83%
don't
83%
Mass
83%
mass
83%
me
83%
my
83%
On
83%
out
83%
shit
83%
To
83%
wanna
83%
Well,
83%
at
67%
conclusion
67%
down
67%
Fill
67%
jump
67%
machine
67%
Nothing's
67%
sick
67%
these
67%
void
67%
With
67%
with
67%
anguish
50%
Bleeding
50%
Breeding
50%
brink
50%
Broken
50%
confusion
50%
desolate
50%
destruction
50%
for
50%
glass
50%
head
50%
inside
50%
left
50%
plague
50%
self
50%
such
50%
There's
50%
thoughts
50%
cheap
33%
disposition
33%
Eating
33%
escape
33%
hate
33%
Limp
33%
opinion
33%
Ready
33%
reality
33%
Torn
33%
Widespread
33%
state
17%
No matching quizzes found
Score Distribution
Percent of People with Each Score
Percentile by Number Answered
Your Score History
You have not taken this quiz